|
|
|
|
| LEADER |
01700nam a2200457 a 4500 |
| 001 |
000417943 |
| 003 |
CZ BrMZK |
| 005 |
20210325083455.0 |
| 007 |
ta |
| 008 |
990315s1998 au e f ger d |
| 020 |
|
|
|a 3-01-000021-9
|
| 040 |
|
|
|a BOA001
|b cze
|
| 043 |
|
|
|a e-au---
|
| 072 |
|
7 |
|a 00
|x Věda. Všeobecnosti. Základy vědy a kultury. Vědecká práce
|2 Konspekt
|9 12
|
| 080 |
|
|
|a 659.2
|2 MRF
|
| 080 |
|
|
|a 007:004.738
|2 MRF
|
| 080 |
|
|
|a 002.6
|2 MRF
|
| 080 |
|
|
|a 004.652
|2 MRF
|
| 080 |
|
|
|a 004
|2 MRF
|
| 080 |
|
|
|a 3
|2 MRF
|
| 080 |
|
|
|a 82-96
|2 MRF
|
| 080 |
|
|
|a (436)
|2 MRF
|
| 080 |
|
|
|a (036)
|2 MRF
|
| 245 |
0 |
0 |
|a InfoNet-Austria :
|b Österreichs Informationslandschaft im Querschnitt /
|c [Redaktion Elisabeth Brandstötter, Christa Müller und Ulrike M. Winkler].
|
| 260 |
|
|
|a Wien :
|b Österreichische Nationalbibliothek,
|c 1998
|
| 300 |
|
|
|a 192 s. ;
|c 24 cm
|
| 541 |
|
|
|a Wien, Österreichische Nationalbibliothek
|
| 650 |
0 |
7 |
|a informační služby
|7 ph114771
|z Rakousko
|2 czenas
|
| 650 |
0 |
7 |
|a informační sítě
|7 ph121105
|z Rakousko
|2 czenas
|
| 650 |
0 |
7 |
|a informační instituce
|7 ph114768
|z Rakousko
|2 czenas
|
| 650 |
0 |
7 |
|a databáze
|7 ph114295
|z Rakousko
|2 czenas
|
| 650 |
0 |
7 |
|a informační technologie
|7 ph121106
|z Rakousko
|2 czenas
|
| 650 |
0 |
7 |
|a společenské vědy
|7 ph116244
|2 czenas
|
| 650 |
0 |
7 |
|a odborná literatura
|7 ph115554
|2 czenas
|
| 655 |
|
7 |
|a průvodce
|7 fd133154
|2 czenas
|
| 700 |
1 |
|
|a Brandstötter, Elisabeth
|4 edt
|
| 700 |
1 |
|
|a Müller, Christa,
|c informační systémy
|4 edt
|
| 700 |
1 |
|
|a Winkler, Ulrike M.
|4 edt
|
| 910 |
|
|
|a BOA001
|b 2-1059.711
|
| 990 |
|
|
|a BK
|
| 996 |
7 |
|
|b 2610093521
|c 2-1059.711
|l MZK
|r Sklad / do 1 hodiny
|n 0
|p dar
|w 000417943
|u 000010
|a 1
|e BOA001
|j MZK50
|s A
|